| 000 | 00839cam a2200241Ja 4500 | ||
|---|---|---|---|
| 008 | |||
| 020 | _a0852985762 | ||
| 049 | _aMAIN | ||
| 090 |
_aTK1541 _bBRI |
||
| 110 | 2 |
_aBritish Wind Energy Association. _bConference _n(7th : _d1985 : _cOxford, England) |
|
| 245 | 1 | 0 |
_aWind energy conversion, 1985 : _bproceedings of the 7th British Wind Energy Association. Conference, Oxford 27-29 March 1985 / _cedited by A. Garrad. |
| 260 |
_aLondon : _bMechanical Engineering Publications, _c1985. |
||
| 300 |
_a314 p. : _bill. ; _c31 cm. |
||
| 504 | _aIncludes bibliographies. | ||
| 650 | 0 |
_aWind power _vCongresses. |
|
| 653 | _aWind power | ||
| 700 | 1 | _aGarrad, A. | |
| 907 |
_a.b10063262 _b21-03-13 _c17-04-03 |
||
| 003 | |||
| 005 | 20230123133239.0 | ||
| 040 | _cNUST | ||
| 942 |
_cBOOKS _kTK1541 _mBRI |
||
| 999 |
_c145286 _d145286 |
||